000 00821nam a2200265 4500
001 54022
003 ES-MaACL
005 20260525062927.0
007 t|
008 031121s1985 sp ||||0| spa d
016 7 _zIBH8505918760
017 _aM 6345-1985
020 _a84-239-1652-9
040 _aIBH
_bspa
_cM-BN-DP
080 _a860-31"19"
100 1 _aCunqueiro, Álvaro,
_d1911-1981
_942188
245 1 4 _aLas mocedades de Ulises /
_cAlvaro Cunqueiro ; estudio preliminar por Diego Martínez Torrón.
260 _aMadrid :
_bEspasa-Calpe,
_cD.L. 1985.
300 _a288 p ;
_c18 cm.
490 1 _aColección austral ;
_v1652
700 0 _aMartínez Torrón, Diego,
_d1950-
_978451
830 0 _aColección austral
_v1652
_9177655
852 _aES-MaACL
_jL-26692
_bR.132215
999 _c54022
_d54022